000
00336nam a2200145Ia 4500
005
20251222143216.0
008
251222s9999||||xx |||||||||||||| ||spa||
020
_a
84-7490-357-2
082
_a
838.9/V86H
100
_a
Von Le Fort, Gertrud
245
0
_a
Himnos a la Iglesia
250
_a
2a.ed.
264
_b
Encuentro
942
_c
LIB
999
_c
13642
_d
13642